00443nam a2200169Ia 4500008004100000020001800041245004300059245005500102260001500157260001600172260000900188300001400197300002500211300001000236500000800246999001900254170705s9999 xx 000 0 und d a9780439312394 aMrs. McNosh and the great big squash / cSarah Weeks ; pictures by Nadine Bernard Westcott. aNew York : bScholastic, c2000 aunpaged : bcolor illustration ; c20cm. a470 c335709d335709